Rational and irrational beliefs (Record no. 51113)
[ view plain ]
| 000 -LEADER | |
|---|---|
| fixed length control field | 03102cam a2200349 a 4500 |
| 001 - CONTROL NUMBER | |
| control field | 15618139 |
| 005 - DATE AND TIME OF LATEST TRANSACTION | |
| control field | 20250224174623.0 |
| 008 - FIXED-LENGTH DATA ELEMENTS--GENERAL INFORMATION | |
| fixed length control field | 090209s2010 nyua b 001 0 eng |
| 010 ## - LIBRARY OF CONGRESS CONTROL NUMBER | |
| LC control number | 2009003476 |
| 020 ## - INTERNATIONAL STANDARD BOOK NUMBER | |
| International Standard Book Number | 9780195182231 (alk. paper) |
| 040 ## - CATALOGING SOURCE | |
| Original cataloging agency | DLC |
| Transcribing agency | DLC |
| Modifying agency | DLC |
| 245 00 - TITLE STATEMENT | |
| Title | Rational and irrational beliefs |
| Medium | [electronic resource] : |
| Remainder of title | research, theory, and clinical practice / |
| Statement of responsibility, etc | edited by Daniel David, Steven Jay Lynn, and Albert Ellis. |
| 260 ## - PUBLICATION, DISTRIBUTION, ETC. (IMPRINT) | |
| Place of publication, distribution, etc | New York : |
| Name of publisher, distributor, etc | Oxford University Press, |
| Date of publication, distribution, etc | 2010. |
| 300 ## - PHYSICAL DESCRIPTION | |
| Extent | xix, 360 p. : |
| Other physical details | ill. ; |
| Dimensions | 24 cm. |
| 336 ## - CONTENT TYPE | |
| Content Type Term | text |
| 337 ## - MEDIA TYPE | |
| Media Type Term | computer |
| 338 ## - CARRIER TYPE | |
| Carrier Type Term | online resource |
| 504 ## - BIBLIOGRAPHY, ETC. NOTE | |
| Bibliography, etc | Includes bibliographical references and index. |
| 505 0# - FORMATTED CONTENTS NOTE | |
| Formatted contents note | Rational and irrational beliefs : a conceptual and historical perspective / Albert Ellis, Daniel David, and Steven Jay Lynn -- Rationality and rational psychotherapy : the heart of REBT / Arthur Still -- Social and cultural aspects of rational and irrational beliefs : a brief re-conceptualization / Daniel David and Raymond DiGiuseppe -- Rational and irrational beliefs from an evolutionary perspective / David Sloan Wilson -- Rational and irrational beliefs in human feelings and psychophysiology / Daniel David and Duncan Cramer -- The behavioral consequences of irrational beliefs / Aurora Szentagotai and Jason Jones -- The assessment of irrational and rational beliefs / Bianca Macavei and James McMahon -- Rational and irrational beliefs and psychopathology / Christopher M. Browne, Thomas Dowd, and Arthur Freeman -- Rational and irrational beliefs. Implication for clinical conceptualization and practice in psychotherapy / Daniel David, Arthur Freeman, and Raymond DiGiuseppe -- Mindfulness and irrational beliefs / David Mellinger -- Rational and irrational beliefs in primary prevention and mental health / Donald A. Caserta ... [et al.] -- Irrational and rational beliefs and physical health / Julie Schnur, Guy Montgomery, and Daniel David -- Coping and catastrophic thinking : the experience and treatment of chronic pain / Dawn M. Ehde and Mark P. Jensen -- Irrational beliefs stemming from judgment errors : cognitive limitations, biases, and experiential learning / John Ruscio -- The five great myths of popular psychology : implications for psychotherapy / Scott Lilienfeld, Steven Jay Lynn, and Barry Beyerstein -- A summary and a new research agenda for rational-emotive and cognitive-behavior therapy / Daniel David and Steven Jay Lynn. |
| 650 #0 - SUBJECT ADDED ENTRY--TOPICAL TERM | |
| Topical term or geographic name as entry element | Delusions. |
| 650 #0 - SUBJECT ADDED ENTRY--TOPICAL TERM | |
| Topical term or geographic name as entry element | Irrationalism (Philosophy) |
| 650 #0 - SUBJECT ADDED ENTRY--TOPICAL TERM | |
| Topical term or geographic name as entry element | Rationalism. |
| 650 #0 - SUBJECT ADDED ENTRY--TOPICAL TERM | |
| Topical term or geographic name as entry element | Health behavior. |
| 655 ## - INDEX TERM--GENRE/FORM | |
| Genre/form data or focus term | Electronic books |
| 700 1# - ADDED ENTRY--PERSONAL NAME | |
| Personal name | David, Daniel, |
| Dates associated with a name | 1972- |
| 700 1# - ADDED ENTRY--PERSONAL NAME | |
| Personal name | Lynn, Steven J. |
| 700 1# - ADDED ENTRY--PERSONAL NAME | |
| Personal name | Ellis, Albert, |
| Dates associated with a name | 1913-2007. |
| 856 ## - ELECTRONIC LOCATION AND ACCESS | |
| Uniform Resource Identifier | <a href="https://drive.google.com/file/d/1sTHltrjGBj9K8QdvoocLWa3POKqgiw7f/view?usp=sharing">https://drive.google.com/file/d/1sTHltrjGBj9K8QdvoocLWa3POKqgiw7f/view?usp=sharing</a> |
| 906 ## - LOCAL DATA ELEMENT F, LDF (RLIN) | |
| a | 7 |
| b | cbc |
| c | orignew |
| d | 1 |
| e | ecip |
| f | 20 |
| g | y-gencatlg |
| 942 ## - ADDED ENTRY ELEMENTS (KOHA) | |
| Source of classification or shelving scheme | Library of Congress Classification |
| Item type | eBooks |
| Withdrawn status | Lost status | Source of classification or shelving scheme | Damaged status | Not for loan | Home library | Current library | Date acquired | Inventory number | Total Checkouts | Date last seen | Price effective from | Koha item type |
|---|---|---|---|---|---|---|---|---|---|---|---|---|
| Library of Congress Classification | BSOP Library | Digital Library | 05/08/2024 | eB-00131 | 05/08/2024 | 05/08/2024 | eBooks |
